| 000 | 01357cam a2200265 4500 | ||
|---|---|---|---|
| 008 | 000000n2004 000 0 eng u | ||
| 020 | _a1842191551 | ||
| 035 | _a(Sirsi) u122700 | ||
| 041 | _aeng | ||
| 050 | 0 | 4 | _a346.4104342 $2 18 |
| 100 | 1 | _aForrester, Peter | |
| 245 | 0 | 0 |
_aCase in point _bservice charges |
| 260 |
_aLondon _bRICS _c2004 |
||
| 300 |
_axxvi, 151p. _c21cm. |
||
| 350 | _a19.95 | ||
| 490 | 0 | _aRICS Case in Point Series | |
| 520 | _aProvides practical information and advice on the case law governing the administration and management of service charges. Based on summaries of service charge cases and commentary, this guide covers: general principles of service charges; recoverable costs; services; repairs, renewals, replacements and improvements; sinking funds, reserve funds and depreciation; fees and associated costs; funding and interest on borrowed funds; apportionment of the service charge; and certification of service charge accounts. | ||
| 520 | _aSuperseded by the 2nd ed. (ISBN: 9781842194201). | ||
| 650 | 2 | 4 | _aCOMMONHOLD AND LEASEHOLD REFORM ACT 2002 |
| 650 | 2 | 4 | _aLANDLORD AND TENANT ACT 1985 |
| 651 | 4 |
_aEngland and Wales _y1543- |
|
| 690 | _aPROPERTY-RESIDENTIAL PROPERTY-RESIDENTIAL LANDLORD AND TENANT-RESIDENTIAL TENANCIES | ||
| 710 | 2 |
_aRoyal Institution of Chartered Surveyors _94900 |
|
| 942 | _n0 | ||
| 999 |
_c102913 _d102913 |
||